| 000 | 00656nam a22001817a 4500 | ||
|---|---|---|---|
| 999 |
_c191617 _d191617 |
||
| 005 | 20220830150544.0 | ||
| 010 | _aENG-134792 | ||
| 020 |
_c1195.00 _a9789380156217 |
||
| 035 | _aEN-118324 | ||
| 037 |
_bDBAD/PUB _a- |
||
| 082 | _a333.714 | ||
| 100 | _aAery, N.C. | ||
| 245 |
_aManual of Environmental Analysis/ _cN.C. Aery |
||
| 260 |
_aNew Delhi _bAne books pvt ltd. _c2010 |
||
| 270 |
_aAne books pvt ltd. 4821, parwana bhawan 1st floor,24 Ansari road, Daryaganj _bNew Delhi _e110002 _k011-23276843 _l011-23276863 _mkapoor@anebooks.com |
||
| 300 |
_ax, 413p. _bIndex, Annexure, Bibliography _c24cm(hb) |
||
| 942 |
_2ddc _cEN _h333.714 _mAER |
||